000 00605cam a22002053a 4500
001 41508
003 PGUSA
005 20140828083932.0
008 121128s2012||||xxu|||||s|||||000 | eng d
040 _aPGUSA
_beng
042 _adc
100 1 _aMurray, Samuel
245 1 0 _aSeven Legs Across the Seas :
_bA Printer's Impressions of Many Lands
_h[electronic resource] /
_cSamuel Murray
260 _bProject Gutenberg,
_c2012
506 _aPublic domain in the USA.
516 _aElectronic text
830 0 _aProject Gutenberg
_v41508
856 4 0 _uhttp://www.gutenberg.org/ebooks/41508
942 _cEB
999 _c270760
_d270760